000 03943nam0a22004691 4500
001 RU\NLR\A1\23359
005 20260409064902.0
035 _a(NLR Aleph) 009677820
090 _a9690276
_c9690276
100 _a19990915d1778 m y0rusy50 ca
101 0 _arus
102 _aRU
135 _acrcn 024anaba
140 _ay y mayaa0000
200 1 _aСлово, которое по получении в Полтаве всерадостнейшаго известия, о всевожделенном рождении, его императорскаго высочества, благовернаго государя, великаго князя, Александра Павловича, 7. генваря 1778 года, после божественной литургии, пред начинанием Господу Богу благодарственнаго молебствия, преосвященным Евгением, архиепископом Славенским и Херсонским, со всем в Полтаве находящимся духовенством, соборне отправленнаго, в Полтавском Крестовоздвиженском монастыре, а по том в Успенской соборной тогож города церкве, произнес к торжествующим слушателям, Славенской епархии администратор и онаго монастыря архимандрит Феоктист Мочульский
210 _aВ Санктпетербурге
_cпечатано при Артиллерийском и инженерном шляхетном кадетском корпусе, у содержателя типогравфии Х.Ф.Клеэна
_d1778
215 _a8 с.
_d
305 _aИмеется 2 изд., датир. 1778 г., отличающиеся набором и оформлением. В наст. изд. тит. л. без рамки
316 _aЭкз. РНБ (140/526а) в обл. из бумаги "павлинье перо". На обл. через корешок бум. наклейка с номером "3217". На 4-й с. обл. экслибрис рус. фонда ГПБ с шифром. На 2-й с. обл. ярлык с шифром РНБ. На обороте тит. л. и с.8 круглый штамп ГПБ. Размер: 25,3х18,7х0,2 см
_5NLR: 140/526а
321 1 _aСК XVIII 7727
325 _aКопия доступна в Электрон. б-ке РНБ
620 _dСанкт-Петербург
700 0 _4070
_8rus
_7ca
_aФеоктист
_cМочульский, Иван
_cархиепископ Курский и Белгородский
_f1729-1818
_3RU\NLR\AUTH\7791319
_974246
702 1 _aКлеэн
_bХ.Ф.
_f-ок. 1784
_gХристиан Фридрих
_4610
712 0 2 _4610
_aАртиллерийский и инженерный шляхетный кадетский корпус
_cПетербург
_bТипография
_3RU\NLR\AUTH\880627560
_92659928
801 0 _aRU
_bNLR
_c19990915
852 _aNLR
_j140/526а
856 0 _uhttps://vivaldi.nlr.ru/bx000025330/view
856 1 _uhttps://vivaldi.nlr.ru/bx000025330/cover
856 2 _uhttps://vivaldi.nlr.ru/bx000025330/text
899 _aРГБ
899 _aБАН
899 _aМГУ
942 _cBOOK
980 _aNB
980 _aA1XVIIIv
981 2 2 _a(22) Материалы по истории России
_b(22) Российский императорский дом
981 2 0 _a(20) Книжные памятники РНБ
_b(20) Русский книжный фонд